| 000 | 00612nam a2200193Ia 4500 | ||
|---|---|---|---|
| 001 | 6514 | ||
| 008 | 260427s9999 xx 000 0 und d | ||
| 020 | _a9781581781045 | ||
| 245 | 0 |
_aKili and the Singing Tree Snails/ _cAuthor: Janice Crowl. Illustrator: Harinani Orme |
|
| 260 |
_aHonolulu; _bKamahoi Press- Bishop Museum Press; _c2011 |
||
| 300 |
_a32p; _c26x24cm |
||
| 546 | _aHawaiian; English | ||
| 650 |
_aFolk literature _99333 |
||
| 650 |
_aIndigenous societies _99260 |
||
| 650 |
_aPN1-6790 Literature (General) _921 |
||
| 651 |
_aHawaii _92928 |
||
| 655 |
_aIllustrated volume _99334 |
||
| 942 | _cBK | ||
| 999 |
_c6514 _d6514 |
||